Riconosci il Pokémon - Quiz n°905 - Statistics

Statistiche generali
  • Questo quiz è stato fatto 4 volte
  • Il punteggio medio è 8 su 10
Statistiche sulle risposte
Indizio Risposta % Corretto
Tipo Acqua
100%
Abilità Nuotovelox; Elicopinna
100%
Generazione Ottava
100%
Stadio evoluzione Prima evoluzione
100%
Altezza 1,3 m
67%
Peso 30,0 kg
67%
Sesso 50% ♂, 50% ♀
67%
Tasso di cattura 60 (14.8%)
67%
Pokémon Barraskewda
67%
Tasso di allevamento Lento
67%
Nessun quiz corrispondente trovato
Distribuzione punteggi
Percentuale di utenti per punteggio
Percentile per numero di risposta
I tuoi punteggi nel tempo
Non hai fatto questo quiz